[Event "Senior DM 2018-Senior 65+"]
[Site "?"]
[Date "2018.02.12"]
[Round "1"]
[White "Nielsen, Carsten Juul"]
[Black "Stuberg, Odd Magnar"]
[Result "1-0"]
[WhiteElo "1891"]
[BlackElo "1612"]
[PlyCount "93"]

1. d4 d5 2. c4 c5 3. cxd5 Qxd5 4. Nf3 cxd4 5. Nc3 Qd8 6. Nxd4 e5 7. Ndb5 Qxd1+
8. Kxd1 Na6 9. e4 Be6 10. Be3 Rd8+ 11. Ke1 Nf6 12. Rd1 Rxd1+ 13. Kxd1 Bb4 14.
Bxa7 O-O 15. Bb6 Nc5 16. f3 Nfd7 17. Bc7 Na6 18. Nd5 Nxc7 19. Ndxc7 Bc5 20.
Nxe6 fxe6 21. Nc7 Rf6 22. Bc4 Nf8 23. Ke2 Bd4 24. b3 Rg6 25. g3 Bb6 26. Nb5 Rf6
27. Nd6 Nd7 28. b4 Bc7 29. Ne8 Nb6 30. Nxf6+ gxf6 31. Bxe6+ Kg7 32. Rd1 Kh6 33.
Bb3 Kg5 34. a4 f5 35. a5 Na8 36. Rd7 b6 37. Bd5 bxa5 38. Bxa8 Bb6 39. b5 a4 40.
Bd5 a3 41. Rd6 Bg1 42. Kf1 Bc5 43. Ra6 f4 44. b6 Bd6 45. b7 Bc7 46. Rxa3 fxg3
47. hxg3 1-0

[Event "Senior DM 2018-Senior 65+"]
[Site "?"]
[Date "2018.02.12"]
[Round "1"]
[White "Munk, Kai"]
[Black "Madsen, Finn Gemynthe"]
[Result "1-0"]
[WhiteElo "2023"]
[BlackElo "1673"]
[PlyCount "41"]

1. d4 f5 2. g3 Nf6 3. Bg2 e6 4. Bg5 h6 5. Bxf6 Qxf6 6. e3 c5 7. c3 d5 8. Nd2
Nc6 9. Ngf3 Bd7 10. O-O cxd4 11. exd4 Bd6 12. Re1 O-O 13. c4 Rad8 14. cxd5 exd5
15. Qb3 Ne7 16. Qxb7 Bc6 17. Qa6 f4 18. Rac1 Bd7 19. Qa5 fxg3 20. fxg3 Rb8 21.
Qxa7 1-0

[Event "Senior DM 2018-Senior 65+"]
[Site "?"]
[Date "2018.02.12"]
[Round "1"]
[White "Petersen, Peter Birk"]
[Black "Larsen, Arne Walther"]
[Result "1-0"]
[WhiteElo "2130"]
[BlackElo "1766"]
[PlyCount "45"]

1. e4 g6 2. d4 Bg7 3. Nc3 d6 4. f4 Nf6 5. Nf3 O-O 6. Bd3 c6 7. O-O Bg4 8. Qe1
Bxf3 9. Rxf3 Nbd7 10. e5 dxe5 11. fxe5 Nd5 12. Nxd5 cxd5 13. Qh4 e6 14. Bg5 f6
15. Rh3 h5 16. Bxg6 fxg5 17. Bh7+ Kxh7 18. Qxh5+ Kg8 19. Qh7+ Kf7 20. Rf1+ Ke8
21. Qg6+ Ke7 22. Qxg7+ Ke8 23. Qg6+ 1-0

[Event "Senior DM 2018-Senior 65+"]
[Site "?"]
[Date "2018.02.12"]
[Round "1"]
[White "Overmark, Ole"]
[Black "Hvenekilde, Jorgen"]
[Result "0-1"]
[WhiteElo "1759"]
[BlackElo "2044"]
[PlyCount "74"]

1. c4 g6 2. Nc3 Bg7 3. g3 d6 4. Bg2 Nc6 5. Nf3 Nf6 6. O-O O-O 7. d4 Bf5 8. Re1
Ne4 9. a3 Nxc3 10. bxc3 Be4 11. e3 Na5 12. Bf1 b6 13. Ng5 Bb7 14. e4 Ba6 15.
Qa4 Qe8 16. Qb4 c5 17. Qb2 Bxc4 18. Bxc4 Nxc4 19. Qe2 Qa4 20. Nf3 Rac8 21. Bg5
cxd4 22. cxd4 f6 23. Bd2 Rc7 24. Rac1 Rfc8 25. e5 fxe5 26. dxe5 Nxe5 27. Rxc7
Rxc7 28. Bb4 Qc2 29. Qe3 Qd3 30. Ng5 Qxe3 31. Rxe3 a5 32. Be1 Bh6 33. f4 Bxg5
34. fxg5 Rc1 35. Kg2 Kf7 36. Bf2 Rc2 37. Kf1 Rxf2+ 0-1

[Event "Senior DM 2018-Senior 65+"]
[Site "?"]
[Date "2018.02.12"]
[Round "1"]
[White "Christensen, Aage Niels"]
[Black "Olesen, Poul Erik Norgaard"]
[Result "0-1"]
[WhiteElo "1632"]
[BlackElo "2010"]
[PlyCount "44"]

1. d4 Nf6 2. c4 g6 3. Nc3 Bg7 4. e4 d6 5. Be2 O-O 6. Bg5 h6 7. Be3 Nbd7 8. Nf3
e5 9. d5 a6 10. Qd2 Ng4 11. Nd1 Ndf6 12. Bd3 Bd7 13. h3 Nxe3 14. Nxe3 Nh5 15.
g3 Qc8 16. Bf1 Rb8 17. h4 b5 18. b3 f5 19. Bd3 f4 20. Nf1 fxg3 21. fxg3 Rxf3
22. Be2 Rf7 0-1

[Event "Senior DM 2018-Senior 65+"]
[Site "?"]
[Date "2018.02.12"]
[Round "1"]
[White "Sorensen, Viggo"]
[Black "Sorensen, Ivan"]
[Result "0-1"]
[WhiteElo "1707"]
[BlackElo "2039"]
[PlyCount "78"]

1. e4 e6 2. d4 d5 3. Nc3 Nf6 4. e5 Nfd7 5. f4 c5 6. Nf3 Nc6 7. Be3 a6 8. Bd3 g6
9. O-O c4 10. Be2 b5 11. a3 h5 12. h4 Ne7 13. Ng5 Nf5 14. Bf2 Be7 15. Bf3 Nb6
16. a4 b4 17. Ne2 Bd7 18. b3 Qc7 19. a5 Nc8 20. Kh2 Bb5 21. Re1 Na7 22. Kh3 c3
23. Ng3 Ng7 24. Kh2 Nc6 25. Be2 Rb8 26. Bxb5 Rxb5 27. Qd3 Rxa5 28. f5 Nxf5 29.
Nxf5 gxf5 30. Be3 Qb6 31. Kh3 Rxa1 32. Rxa1 a5 33. Nf3 Bd8 34. Rd1 Ne7 35. Bg5
Ng6 36. Be3 Rg8 37. Bf2 Bc7 38. Kh2 Kd7 39. g3 Kc6 0-1

[Event "Senior DM 2018-Senior 65+"]
[Site "?"]
[Date "2018.02.12"]
[Round "1"]
[White "Holmberg, Preben Hoj"]
[Black "Gjelstrup, Ole"]
[Result "1-0"]
[WhiteElo "1865"]
[BlackElo "1558"]
[PlyCount "73"]

1. Nf3 c5 2. g3 d5 3. Bg2 Nf6 4. O-O Nc6 5. c4 e6 6. cxd5 exd5 7. d3 Bg4 8.
Nbd2 Qd7 9. Re1 Be7 10. b3 Bh3 11. Bh1 Ng4 12. Bb2 Bf6 13. Bxf6 Nxf6 14. Rc1 b6
15. Qc2 O-O 16. e4 Rfe8 17. Ng5 Nb4 18. Qb1 Rad8 19. e5 Nh5 20. Nxh3 Qxh3 21.
a3 Nc6 22. Nf3 Qd7 23. b4 cxb4 24. axb4 Re6 25. d4 Rg6 26. Bg2 Nf4 27. b5 Ne7
28. e6 Nxe6 29. Ne5 Qd6 30. Nxg6 fxg6 31. Qd3 Nf5 32. Rc6 Qb4 33. Rexe6 Nxd4
34. Re5 Nxc6 35. bxc6 d4 36. Bd5+ Kf8 37. Qf3# 1-0

[Event "Senior DM 2018-Senior 65+"]
[Site "?"]
[Date "2018.02.12"]
[Round "1"]
[White "Meldal, Peter"]
[Black "Marshall, Michael"]
[Result "0-1"]
[WhiteElo "1476"]
[BlackElo "1826"]
[PlyCount "88"]

1. e4 c5 2. Nf3 e6 3. d4 cxd4 4. Nxd4 Nc6 5. c3 Qc7 6. Nd2 a6 7. N2f3 b5 8. a3
Bb7 9. Bd3 Nf6 10. h3 Nxd4 11. cxd4 Nxe4 12. O-O Be7 13. Re1 Nf6 14. Bg5 O-O
15. Rc1 Qd8 16. Bf4 Nd5 17. Bg3 d6 18. Qc2 g6 19. Be4 Rc8 20. Qd3 Rxc1 21. Rxc1
Qd7 22. Nd2 Rc8 23. Rc2 Rxc2 24. Qxc2 f5 25. Bxd5 Bxd5 26. f3 Bg5 27. h4 Be3+
28. Bf2 Bxf2+ 29. Kxf2 Qc6 30. Qxc6 Bxc6 31. f4 Kf7 32. Nf3 Kf6 33. g3 h6 34.
Nd2 e5 35. dxe5+ dxe5 36. fxe5+ Kxe5 37. Ke3 Bd5 38. Nf1 g5 39. hxg5 hxg5 40.
Nd2 f4+ 41. gxf4+ gxf4+ 42. Kd3 Bc4+ 43. Kc2 Be2 44. Kc3 f3 0-1

[Event "Senior DM 2018-Senior 65+"]
[Site "?"]
[Date "2018.02.12"]
[Round "1"]
[White "Nielsen, Jan Torp"]
[Black "Jakobsen, Henning"]
[Result "1-0"]
[WhiteElo "1819"]
[BlackElo "1471"]
[PlyCount "29"]

1. e4 d6 2. d4 Nf6 3. Bd3 g6 4. h3 Bg7 5. Nf3 Nc6 6. Be3 O-O 7. O-O Nd7 8. Qd2
e5 9. c3 b6 10. Na3 a5 11. Rfe1 Ne7 12. Bh6 f5 13. Bxg7 Kxg7 14. exf5 Rxf5 15.
Bxf5 1-0

[Event "Senior DM 2018-Senior 65+"]
[Site "?"]
[Date "2018.02.12"]
[Round "1"]
[White "Bjerre, Per"]
[Black "Strachan, Christian C"]
[Result "0-1"]
[WhiteElo "1578"]
[BlackElo "1874"]
[PlyCount "72"]

1. e4 e6 2. d4 d5 3. Nc3 Nf6 4. e5 Nfd7 5. Nf3 c5 6. Bd3 Nc6 7. Be3 cxd4 8.
Bxd4 Nxd4 9. Nxd4 Nxe5 10. Bb5+ Bd7 11. Qe2 Bxb5 12. Ncxb5 Nc6 13. O-O-O Nxd4
14. Rxd4 Be7 15. f4 O-O 16. Rhd1 Bf6 17. R4d3 Qb6 18. Rb3 Qc5 19. Nc3 b6 20. g3
Rac8 21. g4 Qc4 22. Qd2 Bxc3 23. bxc3 Rfd8 24. Kb2 b5 25. Qe3 a6 26. Qe5 Qc7
27. Qe3 Qc6 28. Qe5 f6 29. Qe3 Re8 30. h3 Qc5 31. Qf3 Rcd8 32. Rb4 a5 33. Rbd4
Rc8 34. f5 b4 35. fxe6 bxc3+ 36. Ka1 Qb6 0-1

[Event "Senior DM 2018-Senior 65+"]
[Site "?"]
[Date "2018.02.12"]
[Round "1"]
[White "Rendlev, Niels Moller"]
[Black "Larsen, Alex"]
[Result "1-0"]
[WhiteElo "1806"]
[BlackElo "1318"]
[PlyCount "37"]

1. e4 c5 2. d4 cxd4 3. c3 g6 4. cxd4 Bg7 5. Nf3 Nc6 6. Nc3 a6 7. a3 d6 8. Bc4
e6 9. O-O b5 10. Ba2 Nge7 11. Be3 O-O 12. Qd2 f6 13. Bh6 Bxh6 14. Qxh6 Kh8 15.
Rfd1 Qc7 16. Rac1 Qa7 17. Ne2 Bd7 18. Nf4 Ng8 19. Nxg6# 1-0

[Event "Senior DM 2018-Senior 65+"]
[Site "?"]
[Date "2018.02.12"]
[Round "1"]
[White "Nielsen, Jorgen Lovgren"]
[Black "Haugaard, Thomas"]
[Result "1/2-1/2"]
[WhiteElo "2041"]
[BlackElo "1713"]
[PlyCount "119"]

1. e4 e5 2. Nf3 Nc6 3. Bb5 a6 4. Ba4 Nf6 5. O-O Be7 6. Re1 b5 7. Bb3 d6 8. c3
O-O 9. h3 Bb7 10. d4 Re8 11. d5 Nb8 12. Nbd2 Bf8 13. Nf1 Nbd7 14. Ng3 g6 15.
Bg5 h6 16. Be3 Nb6 17. Qd2 Kh7 18. Qe2 Nfd7 19. Rad1 Bg7 20. Nh2 Rf8 21. Bc2
Qe7 22. Rf1 h5 23. f4 exf4 24. Bxf4 Ne5 25. Nf3 Nbd7 26. Ng5+ Kg8 27. Bc1 Nf6
28. Rf2 h4 29. Nf1 Bc8 30. Rf4 Nh7 31. Nxh7 Kxh7 32. Ne3 Bh6 33. Rf2 Bd7 34.
Rdf1 f6 35. Qe1 Rf7 36. Re2 Bg5 37. Kh2 Raf8 38. Ref2 Bc8 39. Qe2 Kg7 40. b3
Bd7 41. Ba3 Rb8 42. Bc1 a5 43. Kg1 b4 44. c4 Ra8 45. Qe1 Raf8 46. a3 Rb8 47.
axb4 axb4 48. Bd2 c5 49. dxc6 Bxc6 50. Nd5 Bxd5 51. exd5 Bxd2 52. Rxd2 f5 53.
Rd4 Rh8 54. Qxb4 Nc6 55. dxc6 Qe3+ 56. Kh1 Qxd4 57. Rd1 Qc5 58. Qxc5 dxc5 59.
Rd5 Rc8 60. Rxc5 1/2-1/2

[Event "Senior DM 2018-Senior 65+"]
[Site "?"]
[Date "2018.02.12"]
[Round "1"]
[White "Larsen, Jorgen Rene"]
[Black "Hartung Nielsen, Jens"]
[Result "0-1"]
[WhiteElo "1779"]
[BlackElo "2217"]
[PlyCount "68"]

1. g3 c5 2. Bg2 g6 3. c4 Bg7 4. Nc3 Nc6 5. Bxc6 bxc6 6. d3 d6 7. Bd2 e5 8. Qa4
Ne7 9. Rb1 O-O 10. e4 f5 11. Nge2 Be6 12. f4 d5 13. fxe5 fxe4 14. Nf4 Bf5 15.
dxe4 dxe4 16. Be3 Bxe5 17. Rd1 Qb6 18. Qc2 Bd4 19. Qe2 Rad8 20. O-O Qb4 21. g4
Bxg4 22. Qxg4 Bxe3+ 23. Kg2 Qxb2+ 24. Nce2 Bxf4 25. Rxd8 Rxd8 26. Rxf4 Rd6 27.
Rxe4 Nf5 28. Qf3 Rd4 29. Qc3 Qxa2 30. Qf3 Nh4+ 31. Rxh4 Rxh4 32. Kg3 Qxc4 33.
h3 Re4 34. Nc3 Rd4 0-1

[Event "Senior DM 2018-Senior 65+"]
[Site "?"]
[Date "2018.02.12"]
[Round "1"]
[White "Rosenlund, Thorbjorn"]
[Black "Werner, Gert"]
[Result "1-0"]
[WhiteElo "2245"]
[BlackElo "1797"]
[PlyCount "29"]

1. e4 c5 2. Nc3 Nc6 3. f4 g6 4. Nf3 Bg7 5. Bc4 d6 6. O-O e6 7. d3 Nge7 8. f5
O-O 9. Qe1 exf5 10. Qh4 fxe4 11. Ng5 h5 12. Nxf7 Rxf7 13. Bxf7+ Kh7 14. Bg5 Bf5
15. dxe4 1-0

[Event "Senior DM 2018-Senior 65+"]
[Site "?"]
[Date "2018.02.13"]
[Round "2"]
[White "Jakobsen, Henning"]
[Black "Sorensen, Viggo"]
[Result "0-1"]
[WhiteElo "1471"]
[BlackElo "1707"]
[PlyCount "52"]

1. d4 d5 2. c4 e5 3. cxd5 Qxd5 4. Nc3 Qxd4 5. Qxd4 exd4 6. Nb5 Na6 7. Nxd4 c5
8. Nb5 Bd7 9. e3 Nf6 10. Nf3 Be7 11. Bd3 O-O 12. O-O Nb4 13. Bc4 Nc2 14. Nc7
Rac8 15. Nd5 Nxd5 16. Bxd5 Nxa1 17. Ne5 Bb5 18. Rd1 Nc2 19. Bb3 Nb4 20. a3 Nc6
21. Rd7 Nxe5 22. Rxe7 Nd3 23. Rxb7 Bc6 24. Rxa7 Nxc1 25. Bc4 Rcd8 26. h3 Rd7
0-1

[Event "Senior DM 2018-Senior 65+"]
[Site "?"]
[Date "2018.02.13"]
[Round "2"]
[White "Strachan, Christian C"]
[Black "Rosenlund, Thorbjorn"]
[Result "0-1"]
[WhiteElo "1874"]
[BlackElo "2245"]
[PlyCount "63"]

1. e4 c6 2. d4 d5 3. e5 c5 4. dxc5 Nc6 5. Nf3 Bg4 6. c3 e6 7. Be3 Nge7 8. Bb5
Qc7 9. Nbd2 Ng6 10. Qa4 Bxf3 11. Nxf3 Be7 12. O-O O-O 13. Bxc6 bxc6 14. Bd4 f6
15. Rae1 f5 16. Qc2 Rfb8 17. a4 a5 18. Rb1 Qa7 19. Rfe1 Nf8 20. Qd2 Bxc5 21.
Qe3 Bxd4 22. Nxd4 Qd7 23. f4 Ra6 24. Qf2 Qe7 25. Qe2 Rab6 26. Kh1 Kh8 27. Qd2
Nd7 28. Qe2 Nc5 29. Qc2 Ne4 30. g3 c5 31. Nb5 g5 32. Rg1 0-1

[Event "Senior DM 2018-Senior 65+"]
[Site "?"]
[Date "2018.02.13"]
[Round "2"]
[White "Haugaard, Thomas"]
[Black "Elzubeir, Omar"]
[Result "1/2-1/2"]
[WhiteElo "1713"]
[BlackElo "1628"]
[PlyCount "51"]

1. d4 Nf6 2. c4 g6 3. Nc3 d5 4. Nf3 Bg7 5. Qb3 dxc4 6. Qxc4 O-O 7. e4 Nc6 8. d5
Na5 9. Qd3 c5 10. Be2 c4 11. Qc2 e6 12. dxe6 Bxe6 13. Be3 a6 14. Rd1 Qc7 15.
Nd4 Rad8 16. O-O Bc8 17. Nf3 b5 18. Rxd8 Rxd8 19. Rd1 Bb7 20. Rxd8+ Qxd8 21.
Nd2 Nc6 22. Nf3 Nb4 23. Qd1 Qxd1+ 24. Nxd1 Nxe4 25. Bd4 Bxd4 26. Nxd4 1/2-1/2

[Event "Senior DM 2018-Senior 65+"]
[Site "?"]
[Date "2018.02.13"]
[Round "2"]
[White "Larsen, Alex"]
[Black "Christensen, Aage Niels"]
[Result "1/2-1/2"]
[WhiteElo "1318"]
[BlackElo "1632"]
[PlyCount "39"]

1. Nf3 b6 2. d4 Bb7 3. Nbd2 Nf6 4. e3 e6 5. Bd3 c5 6. c3 cxd4 7. cxd4 Nc6 8.
O-O Rc8 9. a3 d6 10. b4 Be7 11. Bb2 d5 12. Qe2 O-O 13. h3 Ne8 14. Nh2 f5 15. g4
fxg4 16. Qxg4 Rf6 17. Kh1 Rh6 18. Qf3 Rf6 19. Qh5 Rh6 20. Qf3 1/2-1/2

[Event "Senior DM 2018-Senior 65+"]
[Site "?"]
[Date "2018.02.13"]
[Round "2"]
[White "Larsen, Preben R"]
[Black "Munk, Kai"]
[Result "1/2-1/2"]
[WhiteElo "1809"]
[BlackElo "2023"]
[PlyCount "92"]

1. e4 d5 2. exd5 Qxd5 3. Nc3 Qd6 4. Nf3 Nf6 5. d4 Bg4 6. Be2 c6 7. Ne5 Bxe2 8.
Nxe2 Nbd7 9. Nd3 e5 10. dxe5 Nxe5 11. Nxe5 Qxe5 12. Qd4 Bd6 13. Qxe5+ Bxe5 14.
O-O O-O 15. Bf4 Rfe8 16. Bxe5 Rxe5 17. Ng3 Rd8 18. Rfd1 Red5 19. Rxd5 Rxd5 20.
Nf1 Kf8 21. Ne3 Rd2 22. Rd1 Rxd1+ 23. Nxd1 Nd5 24. a3 Ke7 25. Kf1 a5 26. Ke2 b5
27. Ne3 Ke6 28. Nxd5 Kxd5 29. Kd3 c5 30. b3 c4+ 31. bxc4+ bxc4+ 32. Ke3 Kc5 33.
c3 Kb5 34. Kd4 Ka4 35. Kxc4 Kxa3 36. Kd5 a4 37. c4 Kb4 38. c5 a3 39. c6 a2 40.
c7 a1=Q 41. c8=Q Qd1+ 42. Ke5 f6+ 43. Kf4 Qd4+ 44. Kg3 Qc3+ 45. Qxc3+ Kxc3 46.
Kf3 Kd4 1/2-1/2

[Event "Senior DM 2018-Senior 65+"]
[Site "?"]
[Date "2018.02.13"]
[Round "2"]
[White "Madsen, Finn Gemynthe"]
[Black "Meldal, Peter"]
[Result "1/2-1/2"]
[WhiteElo "1673"]
[BlackElo "1476"]
[PlyCount "69"]

1. Nf3 Nf6 2. b3 g6 3. Bb2 Bg7 4. d3 d5 5. Nbd2 O-O 6. e4 dxe4 7. dxe4 Nc6 8.
Bc4 Bg4 9. h3 Bxf3 10. gxf3 e5 11. c3 Nh5 12. Ba3 Re8 13. Bc5 Nf4 14. Qc2 Ng2+
15. Kd1 Qg5 16. Kc1 Rad8 17. Rd1 Bh6 18. a4 Qh4 19. Kb2 b6 20. Be3 Bxe3 21.
fxe3 Nxe3 22. Qc1 Nxd1+ 23. Qxd1 Qxh3 24. Qe2 Qd7 25. Nf1 Na5 26. Bb5 c6 27.
Ba6 Qe6 28. Nd2 f5 29. Nc4 Qe7 30. Nxa5 bxa5 31. Bc4+ Kg7 32. Kc2 Qd7 33. exf5
gxf5 34. Rg1+ Kf6 35. Qg2 1/2-1/2

[Event "Senior DM 2018-Senior 65+"]
[Site "?"]
[Date "2018.02.13"]
[Round "2"]
[White "Sorensen, Jens Kristian"]
[Black "Rendlev, Niels Moller"]
[Result "1-0"]
[WhiteElo "1905"]
[BlackElo "1806"]
[PlyCount "79"]

1. c4 e6 2. Nf3 d5 3. d4 c6 4. e3 Nf6 5. Nc3 Be7 6. Bd3 Nbd7 7. O-O Qc7 8. e4
dxe4 9. Nxe4 Nxe4 10. Bxe4 Nf6 11. Bc2 h6 12. Re1 b6 13. Ne5 Bb7 14. Qe2 Bb4
15. Rd1 Bd6 16. Bf4 Rd8 17. Bg3 O-O 18. c5 bxc5 19. dxc5 Bxc5 20. Ng6 Qb6 21.
Nxf8 Rxf8 22. h3 Be7 23. Kh2 c5 24. f3 Qc6 25. Be5 Ba6 26. Qe1 Bc4 27. Qa5 Nd5
28. Be4 Bd6 29. Bxd6 Qxd6+ 30. Kh1 a6 31. Qe1 Rc8 32. b3 Bb5 33. Rac1 Bc6 34.
Qf2 Be8 35. Rc2 Bb5 36. a4 Bd7 37. Rdc1 Rb8 38. Qxc5 Qxc5 39. Rxc5 Rxb3 40.
Rc8+ 1-0

[Event "Senior DM 2018-Senior 65+"]
[Site "?"]
[Date "2018.02.13"]
[Round "2"]
[White "Olesen, Poul Erik Norgaard"]
[Black "Nielsen, Jan Torp"]
[Result "1-0"]
[WhiteElo "2010"]
[BlackElo "1819"]
[PlyCount "43"]

1. e4 e5 2. Bc4 Nf6 3. d3 d6 4. f4 exf4 5. Bxf4 Nc6 6. Nf3 Be7 7. O-O O-O 8.
Nc3 Bg4 9. d4 Nxe4 10. Nxe4 d5 11. Bxc7 Qxc7 12. Bxd5 Rad8 13. c4 Nb4 14. Nc3
Bf6 15. Kh1 Nc6 16. Qd3 Bxf3 17. Rxf3 Bxd4 18. Rd1 Bxc3 19. Qxc3 Rd7 20. Rf5
Re7 21. Rg5 Re5 22. Qg3 1-0

[Event "Senior DM 2018-Senior 65+"]
[Site "?"]
[Date "2018.02.13"]
[Round "2"]
[White "Hartung Nielsen, Jens"]
[Black "Sorensen, Flemming Louv"]
[Result "1-0"]
[WhiteElo "2217"]
[BlackElo "1996"]
[PlyCount "81"]

1. e4 e6 2. d4 d5 3. Nc3 Bb4 4. Nge2 dxe4 5. a3 Be7 6. Nxe4 Nf6 7. N2c3 O-O 8.
Be3 Nbd7 9. Qf3 c6 10. O-O-O Qa5 11. Bd3 e5 12. Qg3 exd4 13. Bxd4 Nh5 14. Qf3
Ne5 15. Bxe5 Qxe5 16. Kb1 Nf4 17. Bc4 b5 18. Ba2 Ne6 19. Qg3 Qxg3 20. hxg3 Nc5
21. Nxc5 Bxc5 22. Ne4 Be7 23. Nd6 Be6 24. Bxe6 fxe6 25. Ne4 Rad8 26. g4 Rxd1+
27. Rxd1 Rd8 28. Re1 Kf7 29. f3 Rd5 30. Rc1 b4 31. axb4 Bxb4 32. c3 Be7 33. Kc2
h6 34. Ra1 Rd7 35. Ra6 Rc7 36. Kd3 c5 37. Kc4 Rb7 38. b3 Rd7 39. Ra1 Rb7 40.
Ra5 Bd8 41. Nd6+ 1-0

[Event "Senior DM 2018-Senior 65+"]
[Site "?"]
[Date "2018.02.13"]
[Round "2"]
[White "Larsen, Arne Walther"]
[Black "Bjerre, Per"]
[Result "1-0"]
[WhiteElo "1766"]
[BlackElo "1578"]
[PlyCount "71"]

1. Nf3 Nf6 2. g3 Nc6 3. Bg2 d5 4. d3 e5 5. O-O Be7 6. Nbd2 O-O 7. Re1 Be6 8. e4
dxe4 9. dxe4 Bc5 10. Qe2 Ng4 11. Rf1 Nf6 12. c3 Qd7 13. b4 Bb6 14. b5 Na5 15.
Nxe5 Qe7 16. Ndc4 Nxc4 17. Nxc4 Bg4 18. Qc2 Qc5 19. Nxb6 axb6 20. a4 c6 21. Ba3
Qc4 22. Bxf8 Rxf8 23. bxc6 bxc6 24. Rab1 Be2 25. Rb4 Bxf1 26. Rxc4 Bxc4 27. Bf1
Be6 28. f3 Ra8 29. c4 Nd7 30. f4 f6 31. Qb3 Rb8 32. Qe3 Nc5 33. a5 Na4 34. Qa3
Nc5 35. axb6 Nxe4 36. Qa7 1-0

[Event "Senior DM 2018-Senior 65+"]
[Site "?"]
[Date "2018.02.13"]
[Round "2"]
[White "Marshall, Michael"]
[Black "Petersen, Peter Birk"]
[Result "1/2-1/2"]
[WhiteElo "1826"]
[BlackElo "2130"]
[PlyCount "70"]

1. c4 e5 2. g3 Nc6 3. Bg2 g6 4. Nc3 Bg7 5. e4 d6 6. Nge2 f5 7. d3 Nf6 8. O-O
O-O 9. Nd5 Ne7 10. Nxf6+ Bxf6 11. Bh6 Rf7 12. Qd2 Be6 13. b3 Nc6 14. Rae1 Qd7
15. Rc1 Re8 16. Rfe1 Bh8 17. b4 Nd8 18. d4 fxe4 19. Bxe4 Bg4 20. dxe5 Rxe5 21.
Bd5 Bf3 22. Bxf3 Rxf3 23. Bf4 Rh5 24. Nd4 Bxd4 25. Qxd4 Nc6 26. Qe4 Ra3 27. c5
dxc5 28. bxc5 Nd4 29. Be3 Ra4 30. Qxb7 Rf5 31. Bxd4 Rxd4 32. Qb8+ Rf8 33. Qb1
Rd2 34. Qb3+ Rf7 35. Rcd1 Kf8 1/2-1/2

[Event "Senior DM 2018-Senior 65+"]
[Site "?"]
[Date "2018.02.13"]
[Round "2"]
[White "Gjelstrup, Ole"]
[Black "Overmark, Ole"]
[Result "0-1"]
[WhiteElo "1558"]
[BlackElo "1759"]
[PlyCount "50"]

1. e4 c5 2. Nf3 d6 3. b4 g6 4. Bb2 Nf6 5. e5 dxe5 6. Nxe5 a6 7. bxc5 Bg7 8. d4
O-O 9. Nd2 Nd5 10. Ndf3 Bf5 11. Bc4 Qa5+ 12. Qd2 Qxd2+ 13. Kxd2 Nb4 14. Bb3
N8c6 15. Rad1 Nxe5 16. Nxe5 Rad8 17. Kc1 Bh6+ 18. Kb1 Nd5 19. g4 Bc8 20. Rhg1
Bf4 21. Nf3 b5 22. c4 bxc4 23. Bxc4 Bb7 24. Rd3 Nb4 25. Rb3 Be4+ 0-1